[Event "EIWCC 2003 - Tie Break"]
[Site "?"]
[Date "2003.14.06"]
[Round "1.2"]
[White "Socko, Monica"]
[Black "Sebag, Marie"]
[Result "0-1"]
[WhiteElo "2381"]
[BlackElo "2394"]
[PlyCount "96"]
[EventDate "2003.??.??"]

1. d4 d5 2. c4 c6 3. cxd5 cxd5 4. Nc3 Nc6 5. e4 Be6 6. e5 Bf5 7. Nf3 e6 8. Bb5
Bb4 9. O-O Nge7 10. Bg5 h6 11. Bd2 O-O 12. Ne2 Bxd2 13. Qxd2 a6 14. Ba4 b5 15.
Bd1 Bg4 16. Qf4 Bxf3 17. gxf3 f6 18. Qg4 Nf5 19. Rc1 Rc8 20. Rxc6 Rxc6 21. Kh1
fxe5 22. dxe5 Qh4 23. Qg2 Qb4 24. f4 Qe4 25. f3 Qb4 26. Rg1 Qxb2 27. Qg6 Qd2
28. Ng3 Nxg3+ 29. Qxg3 Rf7 30. f5 exf5 31. f4 Rc1 32. Qf3 Qd4 33. Re1 Rc3 34.
Qg2 Re3 35. Rf1 Qe4 36. Bf3 Rxf3 37. Rxf3 Rc7 38. Rf1 Rc2 39. Qxe4 fxe4 40. Rd1
e3 41. Kg1 e2 42. Re1 d4 43. Kf2 d3 44. Rg1 Rd2 45. f5 Rd1 46. Re1 Kf7 47. h4
h5 48. a3 a5 0-1